Statistiques concernant Trouvez tout les drapeaux de la Gay Pride 2021

Cliquez ici pour prendre le quiz!

Statistiques générales

  • Ce quiz a été pris 887 fois
  • Le résultat moyen est 9 sur 30

Statistiques - réponses

Réponse% Correct
Gay
93%
Lesbienne
93%
Bisexuel
89%
Pansexuel
80%
Asexuel
69%
Non binaire
58%
Aromantique
42%
Intersexe
36%
Genderfluid
30%
Demisexuel
26%
Agenre
23%
Polyamoureux
22%
Demi-fille
19%
Demi-garçon
19%
Omnisexuel
19%
Biromantique
17%
Bigenre
16%
Panromantique
16%
Polysexuel
16%
Femme trans
12%
Homme trans
12%
Homoromantique
12%
Pangenre
12%
Trigenre
12%
Genderqueer
10%
Androgyne
8%
En questionnement
8%
Cétérosexuel
7%
Asexuel gris
2%
Intergenre
2%

Distribution des résultats

Percentile par nombre de réponses

% des personnes avec chaque résultat

Votre développement - résultats

Vous n’avez pas pris ce quiz